Reakcia ekonomickej teórie na hospodárske procesy v historickej retrospektíve

Vývoj ekonómie ako vedy. Klasická ekonómia. Keynesova ekonomická teória – východisko jednej z podôb modernej makroekonómie.

Saved in:
Bibliographic Details
Main Author: Lisý, Ján
Format: Book Chapter
Language:Slovak
Subjects:
Tags: Add Tag
No Tags, Be the first to tag this record!

MARC

LEADER 00000nla$a2200000$$$4500
001 0123654
005 20240502072408.3
041 0 |a slo 
044 |a SK 
245 1 0 |a Reakcia ekonomickej teórie na hospodárske procesy v historickej retrospektíve  |c Ján Lisý 
520 |a Vývoj ekonómie ako vedy. Klasická ekonómia. Keynesova ekonomická teória – východisko jednej z podôb modernej makroekonómie. 
610 2 0 |a ekonómia 
610 2 0 |a veda ekonomická 
610 2 0 |a teórie ekonomické 
610 2 0 |a keynesizmus 
100 1 |a Lisý, Ján